[Event "ROM-ch U18 Girls"]
[Site "Mamaia"]
[Date "2021.04.09"]
[Round "4"]
[White "Lupascu, Diana Elena"]
[Black "Radulescu, Monica Georgiana"]
[Result "1-0"]
[WhiteElo "1668"]
[BlackElo "1287"]
[PlyCount "37"]
[EventDate "2021.04.07"]
[EventType "swiss"]
[EventRounds "9"]
[EventCountry "ROU"]
[SourceTitle "EXT 2022"]
[Source "ChessBase"]
[SourceDate "2021.10.06"]
[SourceVersion "1"]
[SourceVersionDate "2021.10.06"]
[SourceQuality "1"]

1. d4 d5 2. Nf3 Nf6 3. e3 e6 4. Bd3 Nc6 5. b3 Bd7 6. Bb2 Bd6 7. Nbd2 0-0 8. a3 h6 9. Ne5 Bxe5 10. dxe5 Nh7 11. 0-0 a6 12. f4 Na7 13. Rf3 Re8 14. Rg3 Nf8 15. Qg4 g6 16. Qh5 Bb5 17. Qxh6 Nd7 18. Rh3 f6 19. Qh8+ 1-0

[Event "ROM-ch U18 Girls"]
[Site "Mamaia"]
[Date "2021.04.09"]
[Round "3"]
[White "Radulescu, Monica Georgiana"]
[Black "Marin, Alexia Iuliana"]
[Result "0-1"]
[WhiteElo "1287"]
[BlackElo "1307"]
[PlyCount "132"]
[EventDate "2021.04.07"]
[EventType "swiss"]
[EventRounds "9"]
[EventCountry "ROU"]
[SourceTitle "EXT 2022"]
[Source "ChessBase"]
[SourceDate "2021.10.06"]
[SourceVersion "1"]
[SourceVersionDate "2021.10.06"]
[SourceQuality "1"]

1. e4 e5 2. Nf3 Nc6 3. Bc4 Bc5 4. Nc3 Nf6 5. d3 d6 6. h3 Be6 7. Bb3 Qd7 8. Be3 Bb6 9. 0-0 0-0 10. d4 exd4 11. Nxd4 Bxb3 12. axb3 Rfe8 13. Nf5 Nxe4 14. Qg4 Ng5 15. Bxg5 Ne5 16. Qf4 Ng6 17. Qg4 Ne5 18. Ne7+ Qxe7 19. Qg3 Qe6 20. Kh1 Qg6 21. Qh4 h6 22. Be3 Bxe3 23. fxe3 Qxc2 24. Nd5 Ng6 25. Qf2 Qxf2 26. Rxf2 Rec8 27. Raf1 f6 28. Nc3 Re8 29. e4 c6 30. Rd2 Rad8 31. Rfd1 Re6 32. Rd4 Ne7 33. b4 f5 34. Kg1 fxe4 35. Rxe4 Rxe4 36. Nxe4 d5 37. Nc3 Nf5 38. Kf2 Re8 39. Rd3 Nd6 40. Kf3 Ne4 41. Re3 Nd2+ 42. Ke2 Rxe3+ 43. Kxe3 Nc4+ 44. Kd4 Nxb2 45. b5 Nc4 46. Kc5 Na5 47. bxc6 bxc6 48. Ne2 Kf7 49. Nd4 Ke8 50. Kb4 Nb7 51. Nxc6 a5+ 52. Nxa5 Nxa5 53. Kxa5 Ke7 54. Kb4 Ke6 55. Kc3 Ke5 56. Kd3 d4 57. g4 g5 58. Kd2 Ke4 59. Ke2 d3+ 60. Kd2 Kd4 61. Kd1 Ke3 62. Ke1 Kf3 63. Kd2 Kg3 64. Kxd3 Kxh3 65. Ke3 Kxg4 66. Kf2 h5 0-1

[Event "ROM-ch U16 Girls"]
[Site "Calimanesti Caciulata"]
[Date "2019.04.22"]
[Round "9"]
[White "Patru, Alexandra Ioana"]
[Black "Radulescu, Monica Georgiana"]
[Result "1-0"]
[WhiteElo "1664"]
[BlackElo "1260"]
[PlyCount "55"]
[EventDate "2019.04.15"]
[EventType "swiss"]
[EventRounds "9"]
[EventCountry "ROU"]
[SourceTitle "CBM 190 Extra"]
[Source "ChessBase"]
[SourceDate "2019.07.15"]
[SourceVersion "1"]
[SourceVersionDate "2019.07.15"]
[SourceQuality "1"]

1. d4 d5 2. Nf3 Nc6 3. e3 e6 4. Bd3 Nf6 5. b3 Bd6 6. Bb2 0-0 7. Nbd2 h6 8. a3 Bd7 9. Ne5 Bxe5 10. dxe5 Nh7 11. f4 Qe7 12. 0-0 a6 13. Rf3 Kh8 14. Rh3 Rfe8 15. Qh5 Qf8 16. Nf3 Ne7 17. Ng5 Nxg5 18. fxg5 g6 19. Qf3 h5 20. Rxh5+ Kg8 21. Rh6 Nf5 22. Bxf5 exf5 23. e6 f6 24. exd7 Re7 25. Bxf6 Rh7 26. Qxd5+ Qf7 27. Qxf7+ Kxf7 28. Rxh7+ 1-0

[Event "ROM-ch U16 Girls"]
[Site "Calimanesti Caciulata"]
[Date "2019.04.21"]
[Round "8"]
[White "Marin, Alexia Iuliana"]
[Black "Radulescu, Monica Georgiana"]
[Result "1-0"]
[WhiteElo "1234"]
[BlackElo "1260"]
[PlyCount "49"]
[EventDate "2019.04.15"]
[EventType "swiss"]
[EventRounds "9"]
[EventCountry "ROU"]
[SourceTitle "CBM 190 Extra"]
[Source "ChessBase"]
[SourceDate "2019.07.15"]
[SourceVersion "1"]
[SourceVersionDate "2019.07.15"]
[SourceQuality "1"]

1. d4 d5 2. Nf3 Nc6 3. e3 Nf6 4. Bd3 e6 5. b3 Bd7 6. Bb2 Bd6 7. 0-0 0-0 8. Nbd2 Re8 9. Ne5 h6 10. f4 Nb4 11. Be2 Nh7 12. a3 Nc6 13. Bh5 Rf8 14. Rf3 Nf6 15. Rg3 Bxe5 16. dxe5 Nxh5 17. Qxh5 Kh7 18. Nf3 Qe7 19. Nh4 Bc8 20. f5 exf5 21. e6 g5 22. Nxf5 Qxe6 23. Rh3 Rd8 24. Qxh6+ Qxh6 25. Rxh6+ 1-0

[Event "ROM-ch U14 Girls"]
[Site "Calimanesti"]
[Date "2018.03.30"]
[Round "5"]
[White "Mocanu, Ruxandra Ioana"]
[Black "Radulescu, Monica Georgiana"]
[Result "1/2-1/2"]
[WhiteElo "1083"]
[BlackElo "1192"]
[PlyCount "94"]
[EventDate "2018.03.27"]
[EventType "swiss"]
[EventRounds "9"]
[EventCountry "ROU"]
[SourceTitle "EXT 2019"]
[Source "ChessBase"]
[SourceDate "2018.10.10"]
[SourceVersion "1"]
[SourceVersionDate "2018.10.10"]
[SourceQuality "1"]

1. e4 e5 2. Nf3 Nc6 3. Bc4 Nf6 4. d3 h6 5. Be3 d6 6. h3 Be6 7. Bxe6 fxe6 8. 0-0 Be7 9. c3 0-0 10. Nbd2 d5 11. Qb3 Qc8 12. Rfd1 Rd8 13. exd5 exd5 14. d4 exd4 15. cxd4 Kh7 16. Qd3+ Kg8 17. Qg6 Kf8 18. Nh4 Qd7 19. Nf5 Bd6 20. Nxg7 Qf7 21. Qxf7+ Kxf7 22. Nf5 h5 23. Nxd6+ Rxd6 24. Bf4 Rd7 25. Nf3 Kg7 26. Ne5 Nxe5 27. Bxe5 Kg6 28. Bxf6 Kxf6 29. Re1 Rg8 30. Re5 Rdg7 31. g3 Rg5 32. Rae1 Rxe5 33. Rxe5 Rg5 34. Rxg5 Kxg5 35. b4 Kf5 36. f3 c6 37. Kf2 a6 38. Ke3 b6 39. Kd3 Kg5 40. h4+ Kf5 41. a4 a5 42. b5 cxb5 43. axb5 Kf6 44. Kc3 Kf5 45. Kb3 Kf6 46. g4 hxg4 47. fxg4 Kg6 1/2-1/2

[Event "ROM-ch U14 Girls"]
[Site "Calimanesti"]
[Date "2018.03.29"]
[Round "4"]
[White "Radulescu, Monica Georgiana"]
[Black "Vulpe, Raisa Georgiana"]
[Result "0-1"]
[WhiteElo "1192"]
[BlackElo "1427"]
[PlyCount "92"]
[EventDate "2018.03.27"]
[EventType "swiss"]
[EventRounds "9"]
[EventCountry "ROU"]
[SourceTitle "EXT 2019"]
[Source "ChessBase"]
[SourceDate "2018.10.10"]
[SourceVersion "1"]
[SourceVersionDate "2018.10.10"]
[SourceQuality "1"]

1. e4 e6 2. Nc3 d5 3. exd5 exd5 4. Nf3 Be6 5. d3 Bd6 6. Be2 Nc6 7. 0-0 Nge7 8. Bd2 Qd7 9. Ng5 0-0-0 10. Nxe6 Qxe6 11. Re1 Qd7 12. Bf3 Kb8 13. h3 Bc5 14. Bf4 f6 15. a3 g5 16. Bg3 Nd4 17. b3 Nxf3+ 18. gxf3 Bd4 19. Qd2 Nf5 20. Kg2 Qc6 21. Na2 Bxa1 22. Rxa1 d4 23. Re1 Rhe8 24. Re4 Rc8 25. Nc1 Nh4+ 26. Bxh4 gxh4 27. Kh2 f5 28. Rxe8 Qxe8 29. Qd1 Qg6 30. Qf1 Qh5 31. Qe2 Qg5 32. Qf1 Qf4+ 33. Kh1 Qxf3+ 34. Kh2 Qc6 35. Ne2 Qd6+ 36. Kh1 f4 37. Nc1 f3 38. Qe1 Qg6 39. Qf1 Rg8 40. b4 Qg2+ 41. Qxg2 Rxg2 42. Nb3 Rxf2 43. Nxd4 b6 44. Kg1 Rg2+ 45. Kh1 Rg3 46. Kh2 f2 0-1

[Event "ROM-ch U12 Girls"]
[Site "Calimanesti Caciulata"]
[Date "2016.04.20"]
[Round "3"]
[White "Radulescu, Monica Georgiana"]
[Black "Enachi, Alisa Francesca"]
[Result "1-0"]
[WhiteElo "1045"]
[BlackElo "1038"]
[PlyCount "57"]
[EventDate "2016.04.18"]
[EventType "swiss"]
[EventRounds "9"]
[EventCountry "ROU"]
[SourceTitle "CBM 172 Extra"]
[Source "ChessBase"]
[SourceDate "2016.06.21"]
[SourceVersion "1"]
[SourceVersionDate "2016.06.21"]
[SourceQuality "1"]

1. e4 c5 2. Nc3 e6 3. Nf3 Nc6 4. Bb5 Qc7 5. d3 d6 6. Bf4 Bd7 7. Qd2 a6 8. Ba4 b5 9. Bb3 Nf6 10. a3 Be7 11. 0-0 0-0 12. h3 e5 13. Be3 Qc8 14. Bd5 Nxd5 15. Nxd5 Rb8 16. Rfd1 Be6 17. Bg5 Bxd5 18. exd5 Bxg5 19. Qxg5 Nd4 20. Nxd4 cxd4 21. Rac1 Qb7 22. b4 Qxd5 23. c4 dxc3 24. Rxc3 Rbc8 25. Rdc1 Rxc3 26. Rxc3 h6 27. Qf5 Qa8 28. Rc7 f6 29. Qd7 1-0